Представление документа в формате RUSMARC

ПолеНазваниеЗначение
  Тип записи a
  Библиографический уровень m
001 Контрольный номер RU/CBS_UL/BASE/ad98b032062940fb81ba21665ab52d53
005 Дата корректировки 20260417141530.9
010 Индекс ISBN __
a ISBN 978-5-389-17456-6
b Уточнения в пер.
d Цена 81 р. 40 к.
9 Тираж 6 000 экз.
100 Данные общей обработки __
a Данные общей обработки 20121128d2012 ||| 0rusy0189 ca
101 Язык документа 0_
a Язык текста rus
102 Страна публикации __
a Страна публикации RU
105 Кодированные данные (монография) __
a Кодированные данные (монография) y###||||000|y
181 Поле кодированных данных: вид содержания _1
a Код вида содержания (ISBD) i#
b Код характеристики содержания (ISBD) #xxe##
d i
g x
h x
i e
182 Поле кодированных данных: тип средства _1
a Код типа средства (ISBD) n
2 Код системы (источник кода, отличный от ISBD) isbdmedia
200 Заглавие и сведения об ответственности 1_
a Заглавие Питер Пэн
e Сведения, относящиеся к заглавию сказочная повесть
f Первые сведения об ответственности Д. М. Барри
g Последующие сведения об ответственности пересказ с англ. И. Токмаковой
g Последующие сведения об ответственности вступ. ст. А. Глебовской
g Последующие сведения об ответственности худож. И. Бодрова
210 Выходные данные 1_
a Место издания Москва
c Издательство Махаон
c Издательство Азбука-Аттикус
d Дата издания 2025
215 Физическое описание __
a Объем 173, [2] с.
c Иллюстрации/тип воспроизводства ил.
d Формат 21,5 см.
225 Серия 0_
a Серия Чтение - лучшее учение
300 Общие примечания __
a Общие примечания 0+
606 Тематические рубрики 1_
a Основная рубрика Английская детская литература, 19-20 вв. - Сказки
610 Ключевые слова 1_
a Ключевые слова повести сказочные
a Ключевые слова истории поучительные
a Ключевые слова летающий мальчик
a Ключевые слова приключения сказочные
a Ключевые слова острова волшебные
a Ключевые слова существа сказочные
a Ключевые слова внеклассное чтение
686 Индексы других классификаций __
a Классификационный индекс 84(4Вел)
2 Код системы ББК
700 Автор _1
a Фамилия Барри
b Имя (инициалы) Д. М.
g Полное личное имя Джеймс Мэтью
801 Источник записи _0
a Страна RU
b Организация МБУК ЦБС г. Ульяновска
c Дата составления 20121128
g Правила каталогизации RCR
801 Источник записи _1
a Страна RU
b Организация МБУК ЦБС г. Ульяновска
c Дата составления 20121128
g Правила каталогизации RCR
852 Данные о местонахождении __
i Авторский знак Б 25
j Шифр хранения И(Англ)
900 Электронные ресурсы __
a Имя электронного ресурса д. барри питер п. 2025
901 Тип документа __
t Тип документа m